00511nam a2200193Ia 4500999001500000003000400015005001700019008004100036020001500077040000900092082001900101100003100120245003900151250001200190260004100202300000900243650002100252942004400273 c8775d8775OSt20201008120836.0190216s9999||||xx |||||||||||||| ||und|| a8176560537 coclc a004.678bCRU/I aCrumlish, Christian 95465 0aThe Internet /cChristian Crumlish a2nd Ed. bBpb Publications,c2002.aNew Delhi: a470p aComputer Science cBK2ddch004.678iCRU/Ik004.678mCRU/I